00403nam a2200157Ia 4500003000900000008004100009020001800050040001600068080001900084100001800103245004100121260003500162300001400197650001300211650002100224IN-BaIIA211028s9999 xx 000 0 eng d a0-12-174550-3 cIIA Library a535.215.2bCHU aChu, Benjamin 0aLaser light scatteringcBenjamin Chu aNew YorkbAcademic Pressc1974 axii,317p. a Lasers aNASA Thesaurus